| 000 | 00541 a2200169 4500 | ||
|---|---|---|---|
| 020 | _a8178080362 | ||
| 040 |
_aDLC _bDLC |
||
| 082 | _a005.42 | ||
| 100 | _aBeck, Leland L. | ||
| 245 |
_aSystem software : an introduction to systems programming _cLeland L.Beck _hBook |
||
| 250 | _a3rd ed. | ||
| 260 |
_aNew Delhi : _bPearson Education Pte. Ltd., _c1997. |
||
| 300 |
_axiii, 519 p. : _bill. _c24 cm. |
||
| 500 | _aIncludes bibliographical references and index | ||
| 650 | _aSystems programming (Computer science) | ||
| 942 |
_cBK _k005.42 BEC _2ddc |
||
| 999 |
_c6184 _d6184 |
||